000 01760nam a2200241Ia 4500
008 260220t1991||||xx |||||||||||||| ||spa||
040 _aPY-SlUNAC
_bspa
_erda
041 _aspa
082 _a575.1
_bP962g
100 _aPuertas, M. J.
_eAutor
245 0 _aGenética, fundamentos y perspectivas /
_cpor M. J. Puertas [Autor]
264 _aMadrid :
_bInteramericana,
_c℗1991.
300 _a1 volumen
520 _aEl libro "Genética, fundamentos y perspectivas" de M. J. Puertas ofrece una visión integral de los principios fundamentales de la genética, explorando tanto los aspectos teóricos como las aplicaciones prácticas en diversas áreas de la biología y la medicina. A lo largo de sus capítulos, Puertas aborda temas esenciales como la estructura del ADN, la herencia mendeliana, los mecanismos de la variación genética y el papel de la genética en la evolución. Además, se discuten las implicaciones éticas y sociales de los avances genéticos, así como las perspectivas futuras en la investigación genética. El autor también presenta estudios de caso que ilustran cómo los descubrimientos en genética han transformado nuestro entendimiento de las enfermedades hereditarias y han impulsado el desarrollo de nuevas terapias. En conjunto, el libro se erige como un recurso valioso para estudiantes y profesionales interesados en la genética, proporcionando una base sólida para comprender los desafíos y oportunidades que plantea esta disciplina en constante evolución.
653 _aBiología
653 _aCiencias naturales
653 _aGenética
942 _b2026/02/17
_cBK
999 _c8186
_d8186